000 00260nam a22001217a 4500
008 170719b xxu||||| |||| 00| 0 eng d
041 _aeng
080 _a2
100 _a24
101 _aTEO
245 _aYOUR MONEY OR YOUR LIFE
_cGOLD, J.L
942 _2udc
_cBK
999 _c21575
_d21575